|
|
แสดงรายละเอียดบรรณานุกรม |
|
|
Brief Record
: Get Marc (ISO 2709)
: E-mail record
: |
| LEADER 00000nama 2200000uu 4500 | |||
| 008 040531s2545 th m m a000 0 tha d | |||
| 020 974-13-1593-7 | |||
| 041 tha | |||
| 050 W85 ส739ก | |||
| 100 สุกัญญา ประจุศิลป | |||
| 245 การพิทักษ์สิทธิผู้ป่วย : บทบาทพยาบาลวิชาชีพ 001 | |||
| 260 กรุงเทพฯ จุฬา 2545 | |||
| 300 29 หน้า | |||
| 650 สิทธิผู้ป่วย | |||
| 998 2003-08-27 | |||
| คุณยังไม่ได้ล็อกอิน คุณสามารถมีกิจกรรมร่วมกับเว็บไซต์ได้ แต่ต้องล็อกอินก่อน :: |
|
| สถานะ | |||||||||
| 1. | หนังสือทั่วไป | W85 ส739ก 2545 | On Shelf ขอยืม | ||||||
| 2. | หนังสือทั่วไป | W85 ส739ก 2545 | On Shelf ขอยืม | ||||||
| [แสดง 2/2 รายการ] | |||||||||
BibComment |
| คอมเมนท์ทรัพยากรรายการนี้ |
|
|